000 00546cam a22002053a 4500
001 39445
003 PGUSA
005 20140828083857.0
008 120413s2012||||xxu|||||s|||||000 | eng d
040 _aPGUSA
_beng
042 _adc
245 1 0 _aHoyle's Games Modernized
_h[electronic resource]
260 _bProject Gutenberg,
_c2012
506 _aPublic domain in the USA.
516 _aElectronic text
700 1 _aHoffmann, Louis
830 0 _aProject Gutenberg
_v39445
856 4 0 _uhttp://www.gutenberg.org/ebooks/39445
942 _cEB
999 _c268698
_d268698